000 01022nam a22002177a 4500
999 _c407
_d407
003 AR-BaISA
005 20190312104038.0
007 ta
008 180301s2018 ag a|||| |||| 00| 0 spa d
020 _a9789504958598
040 _cAR-BaISA
082 0 4 _222
_a613.2 R121
100 1 0 _91019
_aRaele, Florencia Dafne
_eaut.
245 1 0 _aNutrición holística:
_balimentación para el cuerpo, el alma y la mente /
_cFlorencia Dafne Raele
250 _a4ª ed.
260 _aBuenos Aires:
_bPlaneta,
_c2018
300 _a255 p.:
_bil.
505 _t¿Qué es la alimentación holística? --
_tAlgunos conceptos básicos de nutrición --
_tHacia una alimentación más natural --
_tLas polémicas del nuevo siglo --
_tEstrés, atracones y hambre emocional --
_tHerboristería, especias y superalimentos --
_tCómo comenzar una vida saludable --
_tTodo sobre el ejercicio --
_tLas distintas dietas --
_tQué comprar en el súper, receras y planes de alimentación
650 1 4 _9555
_aAlimentación saludable
942 _2ddc
_cLI